_Cost Accounting simplified (revised and updated) (Record no. 8725)
[ view plain ]
| 000 -LEADER | |
|---|---|
| fixed length control field | 00383nam a2200133Ia 4500 |
| 008 - FIXED-LENGTH DATA ELEMENTS--GENERAL INFORMATION | |
| fixed length control field | 151021s9999 xx 000 0 und d |
| 050 ## - LIBRARY OF CONGRESS CALL NUMBER | |
| Classification number | HF 5686 .S8N59 2011 |
| 245 ## - TITLE STATEMENT | |
| Title | _Cost Accounting simplified (revised and updated) |
| 260 ## - PUBLICATION, DISTRIBUTION, ETC. (IMPRINT) | |
| Place of publication, distribution, etc. | Nairobi Saleemi 2011 |
| 300 ## - PHYSICAL DESCRIPTION | |
| Extent | 445p,;ill |
| 500 ## - GENERAL NOTE | |
| General note | Includes index |
| 650 ## - SUBJECT ADDED ENTRY--TOPICAL TERM | |
| Topical term or geographic name as entry element | _Service Costing |
| 980 ## - EQUIVALENCE OR CROSS-REFERENCE-SERIES STATEMENT--PERSONAL NAME/TITLE [LOCAL, CANADA] | |
| Personal name | ^d20120126 04:42:45^oanne |
No items available.